|
|
|
|
| LEADER |
00000cam a2200000 7i4500 |
| 001 |
0000020188 |
| 005 |
20080625.0 |
| 008 |
080623 |
| 020 |
|
|
|a 983197512X
|
| 090 |
0 |
0 |
|a 646.72
|b WRA
|
| 100 |
1 |
|
|a Wratsongko, Madyo
|
| 245 |
1 |
0 |
|a Penjagaan kulit dan wajah
|c Dr.Madyo Wratsongko ; Nor Faridah Sharuddin
|
| 260 |
|
|
|a Kuala Lumpur :
|b Synergy Media
|
| 440 |
|
|
|a Pengamalan gaya kehidupan sihat
|
| 650 |
|
0 |
|a Beauty, personal
|
| 650 |
|
0 |
|a Skin
|x care and hygiene
|
| 700 |
1 |
|
|a Nor Faridah Sharuddin
|
| 999 |
|
|
|a 0000937264
|b Book
|c Adult Collection
|e Cawangan Bandar Tenggara
|
| 999 |
|
|
|a 0001023665
|b Book
|c Adult Collection
|e Cawangan Urban Transformation Centre
|
| 999 |
|
|
|a 0001023667
|b Book
|c Adult Collection
|e Perbadanan Perpustakaan Awam Johor
|
| 999 |
|
|
|a 0001153542
|b Book
|c Adult Collection
|e Perbadanan Perpustakaan Awam Johor
|
| 999 |
|
|
|a 0001153543
|b Book
|c Adult Collection
|e Cawangan Urban Transformation Centre
|
| 999 |
|
|
|a 0001153544
|b Book
|c Adult Collection
|e Cawangan Bandar Tenggara
|